Pradeep's New Course Chemistry (Class XI) Vol-I (Record no. 35172)

MARC details
000 -LEADER
fixed length control field 00426nam a2200169Ia 4500
008 - FIXED-LENGTH DATA ELEMENTS--GENERAL INFORMATION
fixed length control field 230524s9999 xx 000 0 und d
082 ## - DEWEY DECIMAL CLASSIFICATION NUMBER
Classification number 540
Item number DHA
100 ## - MAIN ENTRY--AUTHOR NAME
Personal name S.N.Dhawan
245 #0 - TITLE STATEMENT
Title Pradeep's New Course Chemistry (Class XI) Vol-I
250 ## - EDITION STATEMENT
Edition statement 17TH
260 ## - PUBLICATION, DISTRIBUTION, ETC. (IMPRINT)
Place of publication JALANDHAR
Name of publisher Pradeep
Year of publication 2004
300 ## - PHYSICAL DESCRIPTION
Number of Pages 128
500 ## - GENERAL NOTE
General note Quantity Number: 2
650 ## - SUBJECT ADDED ENTRY--TOPICAL TERM
Topical Term Chemistry
700 ## - ADDED ENTRY--PERSONAL NAME
Personal name "P.N.Kapil , etal.,,,"
942 ## - ADDED ENTRY ELEMENTS (KOHA)
Koha item type Books
Holdings
Lost status Damaged status Permanent Location Current Location Shelving location Date acquired Full call number Accession Number Koha item type
    Central Library, Trident Academy of Technology Central Library, Trident Academy of Technology General Stacks 05/24/2023 540 DHA 10628 Books
    Central Library, Trident Academy of Technology Central Library, Trident Academy of Technology General Stacks 05/24/2023 540 DHA 10629 Books
Trident Academy of Technology © 2023.
All rights reserved.                                                                                                                                                                                                        Designed by Team of Central Library .

Powered by Koha